000 00282nam a22001337a 4500
008 210322b ||||| |||| 00| 0 eng d
041 _aeng
080 _a591
082 _a591
100 _a7
101 _aZOO
245 _aQuantitative Zoology
_cSimpson, G. G
942 _2udc
_cBK
999 _c56635
_d56635